01702nam a2200457 i 450000100060000000300080000600500170001400600190003100700150005000800410006502000180010602000270012403500230015103500240017403500250019803500220022304000310024505000210027608000080029708200150030510000180032024501360033826400480047430000410052233600310056333700330059433800430062750000230067058801230069359001640081665000230098065000200100365000100102365000110103365500270104470000260107170000490109779700190114685600620116599900170122792926FlNmELB20241217172145.0m o d | cr cnu||||||||140603s2012 sp o 001 0 spa d z9788425224478 a9788425225901 (e book) a(MiAaPQ)EBC3209642 a(Au-PeEL)EBL3209642 a(CaPaEBR)ebr10675552 a(OCoLC)1010687230 aFINmELBbspaerdacFINmELB 4aTT507bS437 2012 a6870 a646.342231 aScully, Kate.10aPredicción de tendencias del color en moda /cKate Scully ; traducción de Debra Johnston Cobb y Indara Rodríguez Fernández. 1aBarcelona :bEditorial Gustavo Gili,c2012. a1 recurso en línea (192 páginas) atextobtxt2rdacontent/spa acomputadorabc2rdamedia/spa arecurso en líneabcr2rdacarrier/spa aContiene índice. aDescripción basada en recurso en línea; Título de la página del título en PDF (e-libro, visto June 3, 2014). aRecurso electrónico. Santa Fe, Arg.: e-libro, 2015. Disponible vía World Wide Web. El acceso puede estar limitado para las bibliotecas afiliadas a e-libro. 0aColor in clothing. 0aFashion design. 4aModa. 4aColor. 4aLibros electrónicos.1 aCobb, Debra Johnston.1 aRodríguez Fernández, Indara,etraductor.2 ae-libro, Corp.40uhttps://elibro.net/ereader/politecnicointernacional/45504 c92926d92926